Books - 20th century authors - Quiz 3 - Statistics

General Stats
  • This quiz has been taken 205 times
  • The average score is 13 of 40
Answer Stats
Year Title Author % Correct
1974 Carrie Stephen King
91%
1922 Ulysses James Joyce
90%
1953 Casino Royale Ian Fleming
80%
1958 Breakfast at Tiffany's Truman Capote
75%
1928 Lady Chatterley's Lover D.H. Lawrence
67%
1990 Jurassic Park Michael Crichton
65%
1902 The Tale of Peter Rabbit Beatrix Potter
63%
1924 A Passage to India E.M. Forster
59%
1945 Cannery Row John Steinbeck
58%
1980 The Name of the Rose Umberto Eco
58%
1957 Doctor Zhivago Boris Pasternak
54%
1976 Roots Alex Haley
42%
1900 Lord Jim Joseph Conrad
42%
1934 I, Claudius Robert Graves
37%
1984 The Unbearable Lightness of Being Milan Kundera
35%
1948 The Naked and the Dead Norman Mailer
35%
1969 Portnoy's Complaint Philip Roth
35%
1911 Ethan Frome Edith Wharton
31%
1993 Trainspotting Irvine Welsh
31%
1915 The Thirty-Nine Steps John Buchan
31%
1940 The Heart is a Lonely Hunter Carson McCullers
29%
1932 Cold Comfort Farm Stella Gibbons
23%
1943 A Tree Grows in Brooklyn Betty Smith
22%
1982 A is for Alibi Sue Grafton
20%
1998 Tara Road Maeve Binchy
12%
1992 The Bridges of Madison County Robert James Waller
12%
1938 Murphy Samuel Beckett
11%
1973 The Other Side of Midnight Sidney Sheldon
11%
1954 Under the Net Iris Murdoch
10%
1978 Scruples Judith Krantz
8%
1931 Five Red Herrings Dorothy L. Sayers
7%
1956 Old Yeller Fred Gipson
7%
1972 First Blood David Morell
6%
1917 The Rise of David Levinsky Abraham Cahan
5%
1962 The Slave Isaac Bashevis Singer
5%
1997 The Bone Collector Jeffery Deaver
5%
1967 I Heard the Owl Call My Name Margaret Craven
5%
1963 The Graduate Charles Webb
4%
1988 Persian Nights Diane Johnson
4%
1946 All Men are Mortal Simone de Beauvoir
0%
No matching quizzes found
Score Distribution
Percent of People with Each Score
Percentile by Number Answered
Your Score History
You have not taken this quiz